| 000 | 01000nam a22003017a 4500 | ||
|---|---|---|---|
| 001 | 5436 | ||
| 003 | FISKH | ||
| 005 | 20241206120501.0 | ||
| 008 | 241206b cb ||||| |||| 00| 0 eng d | ||
| 020 | _a0439382068 | ||
| 040 |
_aFISKH _beng _cFISKH _dFISKH |
||
| 050 | _aF8765 | ||
| 082 | _a823.914 | ||
| 100 |
_aFrench, Vivian _d(1945-) |
||
| 245 |
_aIggy Pig's snow ball fight! / _cVivian French Illustrated by David Melling |
||
| 250 | _aFirst printing in 2002 | ||
| 260 |
_aLondon : _bScholastic, _c2002. |
||
| 300 |
_a42 pages : _billustrations ; _c20 cm |
||
| 505 | _aJ | ||
| 520 | _aIggy Pig looks out of his window and everything is white! Iggy is intrigued, what is this white stuff! And can he eat it? But Mother Pig puts him straight and bundles Iggy up to go out and play. | ||
| 521 | 8 |
_a430L
_bLexile |
|
| 521 | 8 |
_aJ
_bRaz-Plus |
|
| 650 |
_2Fiction _aSeasons |
||
| 650 |
_2Snow _aWinter |
||
| 700 |
_aMelling, David _dIllustrator |
||
| 942 |
_2ddc _cBK _n0 |
||
| 999 |
_c5436 _d5436 |
||